Science Quiz

Random Science or Country Quiz

International Space Station Countries Quiz Stats

 Plays Quiz Updated Mar 2, 2017

Support Sporcle.
Go Orange.
Score 0/15 Timer 02:00
4 Plays Today
Country % Correct
United States
98.8%
Russia
97.1%
France
94.1%
United Kingdom
93.7%
Germany
92.6%
Canada
90.9%
Japan
87.9%
Spain
87.5%
Country % Correct
Italy
85.9%
Sweden
77.5%
Norway
74.1%
Denmark
64.6%
Netherlands
64.5%
Belgium
62.6%
Switzerland
59.5%

From the Vault

Five Plus Three

by BanjoZebra

Believe it or not, this quiz doesn't require any adding.
Remove Ads.
Support Sporcle.
Get the best of Sporcle when you Go Orange. This ad-free experience offers more features, more stats, and more fun while also helping to support Sporcle. Thank you for becoming a member.

Show Comments

Extras

Top Quizzes Today


Score Distribution

Your Account Isn't Verified!

In order to create a playlist on Sporcle, you need to verify the email address you used during registration. Go to your Sporcle Settings to finish the process.

Report this User

Report this user for behavior that violates our Community Guidelines.

Details: